Untergetaucht
| Titel: | Untergetaucht / Susanne Scholl |
|---|---|
| Verfasser: | |
| In: |
Europäische Rundschau, Band 42, Heft 4 (2014), Seite 129-130 alle Artikel anzeigen |
| Veröffentlicht: | 2014 |
| Format: | Aufsatz |
| Sprache: | Deutsch |
X
alg: 40262402 001A $03025:27-04-17 001B $01999:27-04-17 $t23:02:07.000 001C $03025:27-04-17 $t12:09:46.000 001D $03025:27-04-17 001U $0utf8 001X $00 002@ $0Aou 002C $aText $btxt $2rdacontent 002D $aohne Hilfsmittel zu benutzen $bn $2rdamedia 002E $aBand $bnc $2rdacarrier 003@ $0402624025 007A $0402624025 $aHEB 010@ $ager 010E $erda 011@ $a2014 021A $aUntergetaucht $hSusanne Scholl 028A $BVerfasser $4aut $7 $8Scholl, Susanne [Tnd] $9148136117 031A $d42 $e4 $h129-130 $j2014 039B $aEnthalten in $8--Abvc--. Europäische Rundschau. - Wien : Herold, Druck- und Verl.-Ges., 1973-[2020]. - ISSN 0304-2782 $x201400000420004871 $9046862706 039T $8--Aau--Simon, Marie$Z1922-1998 [Tp1]. Untergetaucht. - Frankfurt a. M. : Fischer, 2014. - 415 Seiten. - Illustrationen, Karten. - ISBN 978-3-10-036721-1 $933777434X 045T $a3,6 $a7,41 lok: 40262402 78 exp: 40262402 78 1 #EPN 201B/01 $020-10-25 $t09:31:00.000 201C/01 $027-04-17 201U/01 $0utf8 203@/01 $0805714235 208@/01 $a27-04-17 $be 209A/01 $a/ $f000 $x00 209A/01 $ab*p $x01 220C/01 $apgar 244Z/01 $#Generalgouvernement Polen $#Polska $#Rzeczpospolita Polska $#Polska Rzeczpospolita Ludowa $#Poland $#Pologne $#République Polonaise $#Generalne Gubernatorstwo w Polsce $#Polish People's Republic $#Polska Rzeczpospolita Polen $#PRL $#RP $#Polen Generalgouvernement $#Polska Generalgouvernement $#Besetzte Polnische Gebiete $#Besetztes Gebiet in Polen $#Okupowane Polskie Obszary $#Obszary Okupowane w Polsce $#Volksrepublik Polen $#Polska Rosyjska $#Republic Polen $#Respublika Pol'ša $#Pol'skaja Narodnaja Respublika $#République de Pologne $#Polen Links der Weichsel $#Polska po Lewej Stronie Wisły $#Lenkija $#Polija $#Gubernija Carstva Pol'skago $#Republik Polen $74046496-9 $8--Tg1--Polen $x01 $9085129801 247C/01 $82080>Marburg/Lahn, Herder-Institut, Forschungsbibliothek, Bibliographieportal $9336309341
| LEADER | 00000caa a2200000 c 4500 | ||
|---|---|---|---|
| 001 | 402624025 | ||
| 003 | DE-603 | ||
| 005 | 20170427230207.0 | ||
| 007 | tu | ||
| 008 | 170427s2014 xx |||| | u00||u|ger c | ||
| 035 | |a (DE-599)HEB402624025 | ||
| 040 | |a DE-603 |b ger |c DE-603 |d DE-603 |e rda | ||
| 041 | |a ger | ||
| 084 | |a 3,6 |a 7,41 |2 ssgn | ||
| 100 | 1 | |a Scholl, Susanne |e Verfasser |4 aut |0 (DE-603)148136117 | |
| 245 | 0 | 0 | |a Untergetaucht |c Susanne Scholl |
| 264 | 0 | |c 2014 | |
| 336 | |a Text |b txt |2 rdacontent | ||
| 337 | |a ohne Hilfsmittel zu benutzen |b n |2 rdamedia | ||
| 338 | |a Band |b nc |2 rdacarrier | ||
| 773 | 0 | 8 | |i Enthalten in |t Europäische Rundschau |d Wien : Herold, Druck- und Verl.-Ges., 1973-[2020] |x 0304-2782 |g Band 42, Heft 4 (2014), Seite 129-130 |w (DE-603)046862706 |w (DE-600)7170-5 |
| 787 | 0 | 8 | |i Rezension von |a Simon, Marie, 1922-1998 |t Untergetaucht |d Frankfurt a. M. : Fischer, 2014 |h 415 Seiten, Illustrationen, Karten |z 9783100367211 |z 3100367219 |w (DE-603)33777434X |
| 924 | 0 | |9 2080 |a (DE-603)805714235 |b DE-2080 |c HES |d d |g / | |


